Otra escuela: cine, radio, tv, prensa
Guardado en:
| Autor principal: | |
|---|---|
| Formato: | Libro |
| Lenguaje: | español |
| Publicado: |
Madrid
SM
1977
|
| Colección: | Colección Claves, 4
|
| Materias: | |
| Etiquetas: |
Agregar Etiqueta
Sin Etiquetas, Sea el primero en etiquetar este registro!
|
MARC
| LEADER | 00000nam a2200000 a 4500 | ||
|---|---|---|---|
| 001 | UCW7135 | ||
| 003 | CL-VaPUC | ||
| 008 | 920908e19770000SP |||||||||||||||||spa|d | ||
| 082 | 0 | 4 | |a 371.335 |b CER |2 21 |
| 100 | 0 | |a Cervera, Juan |e author |9 312256 | |
| 245 | 1 | 0 | |a Otra escuela: cine, radio, tv, prensa |
| 300 | |a 223 p | ||
| 942 | |c BK | ||
| 945 | |d 19920908 00:00:00 | ||
| 260 | |a Madrid |b SM |c 1977 | ||
| 650 | 0 | |a Cine |9 225706 | |
| 650 | 0 | |a Radio |9 260680 | |
| 650 | 0 | |a Televisión |9 256845 | |
| 650 | 0 | |a Métodos de enseñanza |9 270413 | |
| 583 | |a last modification |c 20180402 05:47:26 |k Rodrigo Vera | ||
| 490 | 0 | |a Colección Claves, 4 | |
| 999 | |c 219994 |d 219992 | ||
| 952 | |0 0 |1 0 |4 0 |6 371_335000000000000_CER_1977 |7 0 |8 P |9 211704 |a BIBEDU |b BIBEDU |c BIBEDU_PB |d 2019-11-15 |i 2798379 |o 371.335 CER 1977 |p 2798379 |r 2024-01-25 |w 2019-11-15 |y BK |k EDU | ||